Oranized interests and american government
محفوظ في:
| المؤلف الرئيسي: | |
|---|---|
| التنسيق: | كتاب |
| اللغة: | Undetermined |
| منشور في: |
Boston
McGraw-Hill
2004
|
| الموضوعات: | |
| الوسوم: |
إضافة وسم
لا توجد وسوم, كن أول من يضع وسما على هذه التسجيلة!
|
| Thư viện lưu trữ: | Trung tâm Học liệu Trường Đại học Cần Thơ |
|---|
| LEADER | 00575nam a2200205Ia 4500 | ||
|---|---|---|---|
| 001 | CTU_129866 | ||
| 008 | 210402s9999 xx 000 0 und d | ||
| 020 | |c 31.56 | ||
| 082 | |a 322.0973 | ||
| 082 | |b L914 | ||
| 100 | |a Lowery, David. | ||
| 245 | 0 | |a Oranized interests and american government | |
| 245 | 0 | |c David Lowery and Holly Brasher | |
| 260 | |a Boston | ||
| 260 | |b McGraw-Hill | ||
| 260 | |c 2004 | ||
| 650 | |a Pressure groups,Lobbying | ||
| 650 | |z United States.,United States. | ||
| 904 | |i Tuyến | ||
| 980 | |a Trung tâm Học liệu Trường Đại học Cần Thơ | ||